| 000 | 00924 am a22002894a 4500 | ||
|---|---|---|---|
| 999 |
_c17789 _d17761 |
||
| 003 | EG-ScBUE | ||
| 005 | 20210307111545.0 | ||
| 008 | 131030t2011 ii f 000 f eng d | ||
| 020 | _a9789380848099 | ||
| 040 |
_aEG-ScBUE _beng _erda _cEG-ScBUE _dEG-ScBUE |
||
| 082 | 0 | 4 |
_a823 _bORW _2 21 |
| 100 | 1 |
_aOrwell, George, _d1903-1950, _eauthor. _934495 |
|
| 245 | 1 | 0 |
_a1984 : _ba novel / _cby George Orwell. |
| 246 | 3 | _aNineteen Eighty Four | |
| 246 | 3 | 4 |
_a1984 : _ba novel : complete and unabridged |
| 264 | 1 |
_aNew Delhi : _bBlueberry Books, _c2011. |
|
| 300 |
_a344. pages ; _c18 cm |
||
| 336 |
_2rdacontent _atext _btxt |
||
| 337 |
_2rdamedia _aunmediated _bn |
||
| 338 |
_2rdacarrier _avolume _bnc |
||
| 590 | _aBook for the road program. | ||
| 650 | 7 |
_aEnglish fiction _y20th century. _2BUEsh _919750 |
|
| 651 | _2BUEsh | ||
| 653 |
_cDecember2013 _bHHUUEENN |
||
| 655 |
_vReading book _934232 |
||
| 942 |
_2ddc _cBB _k823 ORW |
||